La amistad y el sexo : (Record no. 162473)

MARC details
000 -LEADER
campo de control de longitud fija 00758nam a22001815i 4500
001 - NÚMERO DE CONTROL
campo de control 162473
003 - IDENTIFICADOR DE NÚMERO DE CONTROL
campo de control ES-MaACL
005 - FECHA Y HORA DE LA ÚLTIMA TRANSACCIÓN
campo de control 20250916063056.0
008 - DATOS DE LONGITUD FIJA--INFORMACIÓN GENERAL
campo de control de longitud fija 981014s1893 sp |||| | spa d
100 1# - ENTRADA PRINCIPAL--NOMBRE DE PERSONA
Nombre de persona Posada, Adolfo,
Fechas asociadas al nombre 1860-1944
9 (RLIN) 93316
245 13 - MENCIÓN DEL TÍTULO
Título La amistad y el sexo :
Resto del título cartas sobre la educación de la mujer /
Mención de responsabilidad, etc. por Adolfo Posada y Urbano González Serrano.
260 ## - PUBLICACIÓN, DISTRIBUCIÓN, ETC.
Lugar de publicación, distribución, etc. Madrid :
Nombre del editor, distribuidor, etc. [s.n.],
Fecha de publicación, distribución, etc. 1893 (
Fabricante Imp. de Enrique Rubiños)
300 ## - DESCRIPCIÓN FÍSICA
Extensión 32 p. ;
Dimensiones 21 cm.
650 #7 - PUNTO DE ACCESO ADICIONAL DE MATERIA--TÉRMINO DE MATERIA
Término de materia o nombre geográfico como elemento de entrada Relaciones amorosas
Fuente del encabezamiento o término embne
9 (RLIN) 169274
700 1# - ENTRADA AGREGADA--NOMBRE PERSONAL
Nombre de persona González Serrano, U.,
Fechas asociadas al nombre 1848-1904
9 (RLIN) 58968
852 ## - LOCALIZACIÓN
Ubicación ES-MaACL
Número de control de estantería T-705-F-6
Nota libre - Enc. hol., conservando cub. original
-- - Dedicatoria autógrafa del autor
-- - Enc. en un vol. facticio
Holdings
Estatus retirado Estado de pérdida Fuente del sistema de clasificación o colocación Estado de daño No para préstamo Colección Biblioteca de origen Biblioteca actual Ubicación en estantería Fecha de adquisición Total de préstamos Signatura topográfica completa Código de barras Visto por última vez Precio de reemplazo Tipo de ítem Koha Nota pública
    Clasificación decimal universal     Colección de folletos Biblioteca del Ateneo de Madrid Biblioteca del Ateneo de Madrid Depósito folletos 17/01/2008   T-705-F-6 1170211 23/02/2023 23/02/2023 Folleto Dedicatoria autógrafa del autor